000 01384nam a2200325 a 4500
001 00000215
003 DO-SdBNP
005 20160411131512.0
007 00000215
008 150130s2012 dr ac 000 0 spa d
020 _a9789945174090
040 _aBPMSU
_bspa
_cBPMSU
092 _a372.7
_bM425e, 3ro. 2012
245 0 0 _aMatemática 3 :
_beducación básica /
_ccoordinación editorial Anna Rogero Soler; dirección editorial Doris Arroba Jácome
260 _aSanto Domingo :
_bSM,
_c2012.
300 _a199 p. :
_bil., retrs. ;
_c29 cm.
490 1 _aProyecto Sé
505 1 _gunidad 1 --
_tNúmeros naturales del mil al cien mil --
_gunidad 2 --
_tAdición y sustración --
_gunidad 3 --
_tMultiplicación de números naturales --
_gunidad 4 --
_tDivisión de números naturales --
_gunidad 5 --
_tFracciones --
_gunidad 6 --
_tGeometría --
_gunidad 7 --
_tLa medición --
_gunidad 8 --
_tDinero. Estadística y variación --
650 _aMATEMÁTICAS
_xENSEÑANZA BÁSICA
650 _aMATEMÁTICAS
_xENSEÑANZA ELEMENTAL
650 _aEDUCACIÓN PRIMARIA
_zREPÚBLICA DOMINICANA
650 _aMATEMÁTICAS
_xESTUDIOS Y EJERCICIOS
650 _aMATEMÁTICAS
_xLIBROS DE TEXTOS
700 1 2 _eRogero Soler, Anna
700 1 2 _aArroba Jácome, Doris
_eed.
830 0 _aProyecto Sé
910 _aValidado. Control de calidad MFF
942 _2ddc
_cBK
956 _aYLOCKWARD
_b10
999 _c9478
_d9478